000 00365nam a22001577a 4500
003 SGT
020 _a9789354513825
082 _a615.321
_bP25D
100 _aDAS, KUNTAL
245 _aA TEXT BOOK OF PHARMACOGNOSY
260 _aPUNE
_bNIRALI PRAKASHAN
_c2025
300 _a12.16
650 _aPHARMACOGNOSY
653 _aPHARMACOGNOSY, PHARMACY
942 _2ddc
_cBK
999 _c34807
_d34807